00674nam a22002177a 4500999001900000005001700019010001300036020002400049035001300073037000800086082000600094100001600100245006500116250001300181260004200194270004500236300002800281700002200309942002000331952010500351 c191170d19117020220822144051.0 aA-992722 a0-86163-182-Xc0.00 aA-992722 adpl aS aBlyton,Enid aThe Rabbit's Whiskers and Other stories/cby Enid BlytonhEN a11th ed. aLondonbAward Publications Ltd.c1945 a27 Longford StreetbLondon NW1 3DZl-m- a192p.:bill.c18cm(Hbk) aTanner, Suzy-Jane 2ddccENmBLYhS 001040708FICaBL4bBL4d2022-08-22g0.00l0oS BLYpA-992722r2022-08-22 00:00:00w2022-08-22yCH